000 01109nam a22002297a 4500
005 20120112143825.0
008 120112t xxu||||| |||| 00| 0 mar d
010 _aMAR-21838
020 _a9788174344489
_c150.00
035 _aMR-14496
037 _bDBAD/PUB
040 _aDPL
_bMR
082 _a080
100 _aएलकुंचवार,महेश
_939079
245 _aसंवादाचा सुवावो :
_bप्राचार्य राम शेवाळकरांशी रंगलेल्या गप्पा /
_cमहेश एलकुंचवार
246 _aSamwadadacha Suwawo : Prarcharya Ram Shevalkaranshi Ranglelaya Gappa
_bby Mahesh Elkunchwar
260 _aपुणे
_bराजहंस प्रकाशन
_c2009
270 _a1025,सदाशिव पेठ,
_bपुणे
_e411030
300 _a172पृ.
_c21सेमी(अजिल्द)
942 _2ddc
_cMR
_h080
_mएलकुं
999 _c60795
_d60795